"Body Electric" - All Lyrics (Lana Del Rey) - Statistics

General Stats
  • This quiz has been taken 18 times
  • The average score is 225 of 296
Answer Stats
Lyrics % Correct
body
93%
electric
93%
electric,
93%
I
93%
(I
93%
my
93%
My
93%
the
93%
don't
86%
"Don't
86%
every
86%
Friday
86%
friend
86%
is
86%
Jesus
86%
moonlight
86%
night
86%
pale
86%
sing
86%
Sing
86%
We
86%
we
86%
and
79%
And
79%
'Cause
79%
Dancing
79%
down
79%
Elvis
79%
get
79%
go
79%
got
79%
I'm
79%
in
79%
mother
79%
nobody
79%
pretend
79%
world
79%
you
79%
about
71%
at
71%
baby
71%
bestest
71%
daddy
71%
each
71%
fire
71%
hot
71%
hurt
71%
it")
71%
it
71%
it's
71%
like
71%
not
71%
on
71%
other
71%
still
71%
young
71%
all
64%
Drop
64%
fun
64%
having
64%
least
64%
Marilyn's
64%
Mary
64%
need
64%
Or
64%
photographs
64%
say
64%
smell
64%
you're
64%
alright
57%
clothes
57%
feeling
57%
rosary
57%
said,
57%
we're
57%
are
50%
broken
50%
crazy
50%
father
50%
her
50%
mind
50%
that
50%
to
50%
worry
50%
Diamonds
43%
for
43%
Grand
43%
heart's
43%
prays
43%
'bout
36%
delight
36%
end
36%
grinding
36%
Suicide's
36%
Heaven
29%
Ole
29%
Opry,
29%
softly
29%
swaying
29%
Opulence
21%
Monaco's
14%
Whitman
7%
No matching quizzes found
Score Distribution
Percent of People with Each Score
Percentile by Number Answered
Your Score History
You have not taken this quiz